| 000 | 01188nam a22003375a 4500 | ||
|---|---|---|---|
| 003 | EG-ScBUE | ||
| 005 | 20220608120008.0 | ||
| 006 | a||||fq||z 00| 0 | ||
| 008 | 161025r20152014enka f 000 0 eng d | ||
| 020 | _a9781447936978 | ||
| 020 | _a9781447906766 (CD) | ||
| 040 |
_aEG-ScBUE _beng _erda _cEG-ScBUE _dEG-ScBUE |
||
| 082 | 0 | 4 |
_a428.24 _bCUT _222 |
| 245 | 0 | 0 |
_aCutting edge : _bstarter, _pTeacher's resource book with resource disc / _cStephen Greene, [and four others] |
| 246 | 3 | 0 | _aTeacher's resource book with resource disc |
| 250 |
_aThird edition, _bNew edition. |
||
| 264 | 1 |
_aHarlow, England : _bPearson Education Limited, _c2015. |
|
| 300 |
_a95 pages : _billustrations ; _c30 cm + _e1 CD |
||
| 336 |
_2rdacontent _atext _btxt |
||
| 336 |
_2rdacontent _asounds _bsnd |
||
| 337 |
_2rdamedia _aunmediated _bn |
||
| 337 |
_2rdamedia _aaudio _bs |
||
| 338 |
_2rdacarrier _avolume _bnc |
||
| 338 |
_2rdacarrier _acomputer disc _bcd |
||
| 650 | 7 |
_aEnglish language _xStudy and teaching _vForeign speakers. _2BUEsh |
|
| 651 | _2BUEsh | ||
| 653 |
_bNNUR _bHHUUEENN _cOctober2016 |
||
| 655 |
_vReading book _934232 |
||
| 700 | 1 |
_aGreene, Stephen, _eauthor. _938620 |
|
| 942 |
_2ddc _cTR |
||
| 999 |
_c22853 _d22825 |
||